Tout les tomes d'Astérix - Statistiques

Statistiques générales
  • Ce quiz a été pris 81 fois
  • Le résultat moyen est 18 sur 40
Statistiques - réponses
Tomes Réponses % Correct
N°1 Astérix le Gaulois
91%
N°6 Astérix et Cléopâtre
69%
N°2 La Serpe d’or
67%
N°8 Astérix chez les Bretons
66%
N°5 Le Tour de Gaule d’Astérix
63%
N°20 Astérix en Corse
61%
N°14 Astérix en Hispanie
61%
N°12 Astérix aux jeux Olympiques
60%
N°10 Astérix légionnaire
60%
N°19 Le Devin
60%
N°24 Astérix chez les Belges
57%
N°15 La Zizanie
57%
N°17 Le Domaine des dieux
57%
N°16 Astérix chez les Helvètes
55%
N°9 Astérix et les Normands
54%
N°3 Astérix et les Goths
52%
N°22 La Grande Traversée
51%
N°7 Le Combat des chefs
51%
N°25 Le Grand Fossé
49%
N°35 Astérix chez les Pictes
46%
N°27 Le Fils d’Astérix
46%
N°23 Obélix et Compagnie
46%
N°31 Astérix et Latraviata
42%
N°18 Les Lauriers de César
42%
N°4 Astérix Gladiateur
40%
N°11 Le Bouclier arverne
40%
N°29 La Rose et le glaive
39%
N°21 Le Cadeau de César
37%
N°30 La Galère d’Obélix
36%
N°28 Astérix chez Rahãzade
33%
N°13 Astérix et le chaudron
33%
N°38 La Fille de Vercingétorix
28%
N°26 L’Odyssée d’Astérix
28%
N°40 L’Iris blanc
25%
N°39 Astérix et le Griffon
24%
N°37 Astérix et la Transitalique
21%
N°33 Le Ciel lui tombe sur la tête
21%
N°32 Astérix et la rentrée gauloise
18%
N°36 Le Papyrus de César
18%
N°34 L’Anniversaire d’Astérix & Obélix
0%
Aucun quiz correspondant
Distribution des résultats
% des personnes avec chaque résultat
Percentile par nombre de réponses
Votre historique - résultats
Vous n’avez pas pris ce quiz